[Event "Swiss Queens Wed #8"]
[Site "FIDE Online Arena INT"]
[Date "2024.03.20"]
[Round "1"]
[White "Papp, Petra"]
[Black "Mora Velasco, Alma Jaqueline"]
[Result "1-0"]
[WhiteElo "2267"]
[BlackElo "1859"]
[PlyCount "87"]
[EventDate "2024.03.20"]
[EventType "swiss (blitz)"]
[EventRounds "11"]
[EventCountry "NET"]
[SourceTitle "CB13_2024"]
[SourceDate "2024.03.27"]
[SourceVersion "1"]
[SourceVersionDate "2024.03.27"]
[SourceQuality "1"]

1. d4 Nf6 2. c4 e6 3. Nc3 Bb4 4. e3 0-0 5. Bd3 d5 6. a3 Bxc3+ 7. bxc3 Ne4 8. Qc2 f5 9. Nf3 Rf6 10. a4 Rg6 11. g3 Bd7 12. Ne5 Rf6 13. cxd5 exd5 14. c4 c6 15. 0-0 Be8 16. f3 Nd6 17. c5 Nf7 18. Bxf5 Nd7 19. Bxh7+ Kf8 20. Ng6+ Rxg6 21. Bxg6 Nf6 22. Bb2 Ng5 23. Bxe8 Qxe8 24. Rae1 Qh5 25. Qg2 Nh3+ 26. Kh1 Re8 27. e4 Ng5 28. e5 Nd7 29. f4 Ne4 30. Rxe4 dxe4 31. Qxe4 Nf6 32. Qg2 Ng4 33. Bc1 Ke7 34. h3 Rh8 35. Kg1 Nh6 36. g4 Qf7 37. f5 Kd8 38. Bg5+ Kc8 39. e6 Qe8 40. a5 Ng8 41. a6 Nf6 42. axb7+ Kxb7 43. Bxf6 gxf6 44. d5 1-0

[Event "Swiss Queens Wed #7"]
[Site "FIDE Online Arena INT"]
[Date "2024.03.13"]
[Round "11"]
[White "Lakshmi, Priya Batta"]
[Black "Mora Velasco, Alma Jaqueline"]
[Result "0-1"]
[WhiteElo "1420"]
[BlackElo "1859"]
[PlyCount "100"]
[EventDate "2024.03.13"]
[EventType "swiss (blitz)"]
[EventRounds "11"]
[EventCountry "NET"]
[SourceTitle "CB12_2024"]
[SourceDate "2023.10.01"]
[SourceVersion "1"]
[SourceVersionDate "2023.10.01"]
[SourceQuality "1"]

1. d4 Nf6 2. Nf3 e6 3. Bf4 c5 4. e3 Nc6 5. c3 Qb6 6. Qc2 cxd4 7. exd4 d6 8. Be2 Be7 9. Bc4 Bd7 10. Bd3 Rc8 11. 0-0 Nb4 12. Qd2 Nxd3 13. Qxd3 Bb5 14. Qd2 Bxf1 15. Kxf1 0-0 16. Na3 Ne4 17. Qc2 d5 18. Nd2 Bxa3 19. bxa3 Qxd4 20. Nxe4 Qxe4 21. Qxe4 dxe4 22. Bd6 Rfd8 23. Bb4 f5 24. g3 Rd3 25. Kg2 Kf7 26. a4 Rcd8 27. a5 Rf3 28. Bc5 Rxc3 29. Bxa7 Rd2 30. Bb6 e3 31. Kh3 exf2 32. a6 bxa6 33. Ba5 Rf3 34. Bxd2 f1Q+ 35. Rxf1 Rxf1 36. Kg2 Ra1 37. Bc3 Rxa2+ 38. Kf3 Rxh2 39. g4 g6 40. gxf5 Rh3+ 41. Ke4 Rxc3 42. fxe6+ Kxe6 43. Kd4 Rf3 44. Kc4 g5 45. Kb4 g4 46. Ka5 g3 47. Kxa6 Rb3 48. Ka7 Kd7 49. Ka8 Kc7 50. Ka7 Ra3# 0-1

[Event "Swiss Queens Wed #7"]
[Site "FIDE Online Arena INT"]
[Date "2024.03.13"]
[Round "2"]
[White "Mora Velasco, Alma Jaqueline"]
[Black "Tripurambika, V."]
[Result "1-0"]
[WhiteElo "1859"]
[BlackElo "1626"]
[PlyCount "63"]
[EventDate "2024.03.13"]
[EventType "swiss (blitz)"]
[EventRounds "11"]
[EventCountry "NET"]
[SourceTitle "CB12_2024"]
[SourceDate "2023.10.01"]
[SourceVersion "1"]
[SourceVersionDate "2023.10.01"]
[SourceQuality "1"]

1. e4 c5 2. d4 cxd4 3. c3 d3 4. c4 g6 5. Bxd3 Bg7 6. Ne2 Nc6 7. 0-0 d6 8. Nbc3 Nf6 9. Be3 0-0 10. h3 Be6 11. f4 Nb4 12. f5 Bd7 13. g4 Nxd3 14. Qxd3 Rc8 15. b3 Bc6 16. Rad1 Qa5 17. a4 Nd7 18. Bd4 Ne5 19. Qg3 Qb4 20. Nd5 Bxd5 21. exd5 a6 22. g5 f6 23. fxg6 Nxg6 24. h4 fxg5 25. Bxg7 Kxg7 26. hxg5 Qc5+ 27. Kg2 b5 28. axb5 axb5 29. Nd4 Kh8 30. Ne6 Qa7 31. Qc3+ Kg8 32. Qg7# 1-0

[Event "Swiss Queens Wed #6"]
[Site "FIDE Online Arena INT"]
[Date "2024.03.06"]
[Round "6"]
[White "Mora Velasco, Alma Jaqueline"]
[Black "Tripurambika, V."]
[Result "0-1"]
[WhiteElo "1859"]
[BlackElo "1626"]
[PlyCount "56"]
[EventDate "2024.03.06"]
[EventType "swiss (blitz)"]
[EventRounds "11"]
[EventCountry "NET"]
[SourceTitle "CB11_2024"]
[SourceDate "2024.03.13"]
[SourceVersion "1"]
[SourceVersionDate "2024.03.13"]
[SourceQuality "1"]

1. e4 c5 2. Nf3 g6 3. d4 cxd4 4. c3 d3 5. c4 Nc6 6. Bxd3 Bg7 7. 0-0 d6 8. h3 Nf6 9. Nc3 0-0 10. Bf4 Bd7 11. Qd2 Rc8 12. b3 Nb4 13. Rac1 Nxd3 14. Qxd3 Bc6 15. Nd5 Re8 16. Rfe1 Qa5 17. Qe2 Nh5 18. Bd2 Qxa2 19. b4 Bxd5 20. exd5 Qb2 21. Rb1 Qa2 22. Qd3 Qxc4 23. Qe3 Qxd5 24. Qxa7 Ra8 25. Qe3 Rac8 26. Red1 Qb5 27. Nd4 Qc4 28. Rdc1 Qxd4 0-1

[Event "Swiss Queens Wed #5"]
[Site "FIDE Online Arena INT"]
[Date "2024.02.28"]
[Round "8"]
[White "Mora Velasco, Alma Jaqueline"]
[Black "Ismayil, Malak"]
[Result "0-1"]
[WhiteElo "1765"]
[BlackElo "2200"]
[PlyCount "74"]
[EventDate "2024.02.28"]
[EventType "swiss (blitz)"]
[EventRounds "11"]
[EventCountry "NET"]
[SourceTitle "CB10_2024"]
[SourceDate "2024.03.06"]
[SourceVersion "1"]
[SourceVersionDate "2024.03.06"]
[SourceQuality "1"]

1. d4 d5 2. Nc3 e6 3. Bf4 Nf6 4. e3 Bb4 5. Bd3 0-0 6. Nge2 c5 7. dxc5 Bxc5 8. 0-0 Nc6 9. Bg5 h6 10. Bh4 a6 11. e4 d4 12. Na4 Be7 13. b3 e5 14. Nb2 Ng4 15. Bg3 b5 16. h3 Nf6 17. f4 exf4 18. Nxf4 Ba3 19. Rb1 Re8 20. Nh5 Nxe4 21. Bxe4 Rxe4 22. Qf3 f5 23. Nd3 Bd7 24. b4 Qe7 25. Bf2 Re8 26. Nc5 Bxb4 27. Nxe4 fxe4 28. Qg3 e3 29. Be1 Bxe1 30. Rbxe1 Qg5 31. Qf3 Ne5 32. Qd5+ Be6 33. Nf6+ gxf6 34. Qe4 Bxh3 35. Kh2 Bg4 36. Qd5+ Kg7 37. Qb7+ Kh8 0-1

[Event "Swiss Queens Wed #5"]
[Site "FIDE Online Arena INT"]
[Date "2024.02.28"]
[Round "5"]
[White "Ovezdurdiyeva, Jemal"]
[Black "Mora Velasco, Alma Jaqueline"]
[Result "1-0"]
[WhiteElo "2057"]
[BlackElo "1765"]
[PlyCount "101"]
[EventDate "2024.02.28"]
[EventType "swiss (blitz)"]
[EventRounds "11"]
[EventCountry "NET"]
[SourceTitle "CB10_2024"]
[SourceDate "2024.03.06"]
[SourceVersion "1"]
[SourceVersionDate "2024.03.06"]
[SourceQuality "1"]

1. e4 c5 2. Nf3 a6 3. c3 Nf6 4. Bd3 d6 5. 0-0 e6 6. Bc2 c4 7. d4 cxd3 8. Qxd3 Be7 9. Bg5 Nbd7 10. Nbd2 Qc7 11. b4 0-0 12. Rac1 Ne5 13. Nxe5 dxe5 14. Nc4 Rd8 15. Qe2 b5 16. Na5 h6 17. Be3 Bb7 18. Nxb7 Qxb7 19. f3 Rac8 20. Bb3 Rd7 21. a3 Rdc7 22. c4 bxc4 23. Rxc4 Rxc4 24. Bxc4 Ra8 25. Bd3 a5 26. Rb1 axb4 27. axb4 Bxb4 28. Kf1 Qe7 29. Qb2 Bc5 30. Bd2 Bd4 31. Qb7 Qd8 32. Ke2 Nh5 33. g3 Rc8 34. Rb3 Nf6 35. Ra3 Kh7 36. Qxf7 Rc7 37. Qxe6 Qf8 38. Rb3 Re7 39. Qf5+ Kh8 40. Rb1 Rf7 41. Rc1 Nd5 42. Qc8 Nf6 43. Qe6 Re7 44. Qf5 Re8 45. Rc7 Rd8 46. Qg6 Qg8 47. Bc4 Qh7 48. Qxh7+ Kxh7 49. g4 Kg6 50. h4 Rb8 51. h5+ 1-0

[Event "Swiss Queens Wed #3"]
[Site "FIDE Online Arena INT"]
[Date "2024.02.14"]
[Round "6"]
[White "Ismayil, Malak"]
[Black "Mora Velasco, Alma Jaqueline"]
[Result "1-0"]
[WhiteElo "2200"]
[BlackElo "1765"]
[PlyCount "125"]
[EventDate "2024.02.14"]
[EventType "swiss (blitz)"]
[EventRounds "11"]
[EventCountry "NET"]
[SourceTitle "CB08_2024"]
[SourceDate "2024.02.21"]
[SourceVersion "1"]
[SourceVersionDate "2024.02.21"]
[SourceQuality "1"]

1. e4 c5 2. Nf3 e6 3. c3 Nf6 4. e5 Nd5 5. g3 d6 6. exd6 Bxd6 7. Bg2 0-0 8. 0-0 Nc6 9. d4 cxd4 10. cxd4 h6 11. Nc3 Nf6 12. Re1 Re8 13. Be3 e5 14. Rc1 exd4 15. Nxd4 Nxd4 16. Qxd4 Be5 17. Qxd8 Rxd8 18. b3 Bf5 19. Bxb7 Rab8 20. Bg2 a5 21. Na4 Rbc8 22. Bb7 Rxc1 23. Rxc1 Rd7 24. Bf3 Ng4 25. Rc5 f6 26. Bf4 g5 27. Bxe5 Nxe5 28. Bd5+ Kg7 29. Rxa5 Bh3 30. Rc5 Nd3 31. Rb5 Rc7 32. Rb7 Rxb7 33. Bxb7 Nb4 34. Nc3 Bf5 35. a3 Nc2 36. a4 Kf7 37. Be4 Bxe4 38. Nxe4 Nd4 39. b4 f5 40. Nc5 Ke7 41. a5 Kd6 42. a6 Nb5 43. Kf1 Kd5 44. Nd7 Kc4 45. Ne5+ Kxb4 46. Nf7 f4 47. Nxh6 fxg3 48. fxg3 Ka5 49. Nf7 g4 50. Ne5 Kxa6 51. Nxg4 Kb6 52. Kg2 Kc7 53. h4 Kd7 54. Kf3 Ke7 55. Kf4 Nd6 56. h5 Kf7 57. Ne5+ Kg7 58. g4 Nf7 59. Nxf7 Kxf7 60. g5 Kg7 61. Kf5 Kh7 62. Kf6 Kg8 63. g6 1-0

[Event "Swiss Queens Wed #3"]
[Site "FIDE Online Arena INT"]
[Date "2024.02.14"]
[Round "1"]
[White "Mora Velasco, Alma Jaqueline"]
[Black "Ambartsumova, Karina"]
[Result "0-1"]
[WhiteElo "1765"]
[BlackElo "2418"]
[PlyCount "70"]
[EventDate "2024.02.14"]
[EventType "swiss (blitz)"]
[EventRounds "11"]
[EventCountry "NET"]
[SourceTitle "CB08_2024"]
[SourceDate "2024.02.21"]
[SourceVersion "1"]
[SourceVersionDate "2024.02.21"]
[SourceQuality "1"]

1. e4 e5 2. Nf3 Nc6 3. Bc4 Nf6 4. Ng5 d5 5. exd5 Na5 6. Bb5+ c6 7. dxc6 bxc6 8. Bd3 Be7 9. 0-0 0-0 10. Re1 h6 11. Nf3 Bg4 12. h3 Bh5 13. Rxe5 c5 14. Nc3 Nc6 15. Re1 Nd4 16. Be2 Nxe2+ 17. Qxe2 Bd6 18. d3 Re8 19. Be3 Rb8 20. Rab1 Bc7 21. a4 a6 22. Qd2 Bxf3 23. gxf3 Qd6 24. f4 Qd7 25. Kg2 Qf5 26. f3 Nh5 27. Kh2 Rxe3 28. Rxe3 Bxf4+ 29. Kh1 Ng3+ 30. Kg2 Qg5 31. Kf2 Nf5 32. Nd5 Qg3+ 33. Kf1 Nxe3+ 34. Nxe3 Qxf3+ 35. Ke1 Bxe3 0-1

[Event "Swiss Queens Wed #3"]
[Site "FIDE Online Arena INT"]
[Date "2024.02.14"]
[Round "5"]
[White "Mora Velasco, Alma Jaqueline"]
[Black "Vifleemskaia, Svetlana"]
[Result "1/2-1/2"]
[WhiteElo "1765"]
[BlackElo "1903"]
[PlyCount "114"]
[EventDate "2024.02.14"]
[EventType "swiss (blitz)"]
[EventRounds "11"]
[EventCountry "NET"]
[SourceTitle "CB08_2024"]
[SourceDate "2024.02.21"]
[SourceVersion "1"]
[SourceVersionDate "2024.02.21"]
[SourceQuality "1"]

1. e4 e5 2. Nf3 Nc6 3. Bc4 Nf6 4. Ng5 d5 5. exd5 Na5 6. Bb5+ c6 7. dxc6 bxc6 8. Bd3 Ng4 9. Ne4 f5 10. Be2 h5 11. h3 fxe4 12. hxg4 h4 13. Nc3 Qd4 14. d3 exd3 15. Bxd3 Qxg4 16. Qxg4 Bxg4 17. Bg5 Be7 18. Ne4 Bxg5 19. Nxg5 Rh5 20. Ne4 0-0-0 21. f3 Bd7 22. 0-0-0 Kc7 23. Nc5 Nb7 24. Ne4 Be6 25. Rhe1 Bd5 26. Nc3 Nc5 27. Bf1 h3 28. gxh3 Bxf3 29. Rxd8 Kxd8 30. b4 Ne6 31. Be2 Nd4 32. Bxf3 Nxf3 33. Rd1+ Kc7 34. Rf1 Rxh3 35. Ne4 g5 36. Nf6 Rg3 37. a3 Rg1 38. Rxg1 Nxg1 39. Kd2 Nf3+ 40. Ke3 Nd4 41. c3 Nc2+ 42. Ke4 Nxa3 43. Kxe5 Nb1 44. Kd4 Kb6 45. Ne4 g4 46. c4 a5 47. bxa5+ Kxa5 48. Kc5 Na3 49. Kxc6 Nxc4 50. Kd5 Kb4 51. Kd4 Nd6 52. Ng3 Kb3 53. Ke3 Kc2 54. Kf4 Nc4 55. Kxg4 Nd2 56. Ne2 Kd3 57. Nd4 Kxd4 1/2-1/2

[Event "Swiss Queens Wed #3"]
[Site "FIDE Online Arena INT"]
[Date "2024.02.14"]
[Round "10"]
[White "Novikova, Margarita"]
[Black "Mora Velasco, Alma Jaqueline"]
[Result "1-0"]
[WhiteElo "1999"]
[BlackElo "1765"]
[PlyCount "143"]
[EventDate "2024.02.14"]
[EventType "swiss (blitz)"]
[EventRounds "11"]
[EventCountry "NET"]
[SourceTitle "CB08_2024"]
[SourceDate "2024.02.21"]
[SourceVersion "1"]
[SourceVersionDate "2024.02.21"]
[SourceQuality "1"]

1. e4 c5 2. Nc3 a6 3. d3 b5 4. g3 Bb7 5. Bg2 e6 6. Nge2 h5 7. h4 Nf6 8. 0-0 Ng4 9. d4 cxd4 10. Nxd4 Bc5 11. Nce2 Qb6 12. f3 Ne5 13. Kh1 Ng6 14. c3 Qc7 15. Nf4 Nxf4 16. gxf4 Qd8 17. Qe1 Be7 18. Qg3 Kf8 19. f5 Bxh4 20. Qh3 Bf6 21. Be3 Nc6 22. Rad1 Nxd4 23. Bxd4 Bc6 24. e5 Be7 25. Rg1 Bd5 26. b3 exf5 27. Qxf5 Be6 28. Qe4 Rc8 29. f4 g6 30. Kh2 Ba3 31. Bh3 Qh4 32. Qf3 b4 33. c4 Qxh3+ 34. Qxh3 Bxh3 35. Kxh3 Rg8 36. Be3 Ke7 37. Rd3 Rgd8 38. Rd6 Rc6 39. c5 Rxd6 40. exd6+ Ke6 41. Rg5 f6 42. Rxg6 Kf5 43. Rh6 Re8 44. Rxh5+ Kg6 45. Kg4 Rxe3 46. f5+ Kf7 47. Rh7+ Ke8 48. Rh8+ Kf7 49. Rh7+ Kg8 50. Rxd7 Rc3 51. Rd8+ Kf7 52. Rc8 Rd3 53. c6 Rd4+ 54. Kf3 Rxd6 55. c7 Rc6 56. Rh8 Rxc7 57. Rh7+ Ke8 58. Rxc7 Kd8 59. Rc6 Ke7 60. Rxa6 Bb2 61. Ra4 Bc3 62. Ke4 Kd7 63. a3 Ke7 64. axb4 Bb2 65. Kd5 Bc3 66. Ra7+ Kd8 67. b5 Kc8 68. Ke6 Kb8 69. Rh7 Bd4 70. Rf7 Ka8 71. Rxf6 Bc3 72. Rf8+ 1-0

[Event "Swiss Queens Wed #2"]
[Site "FIDE Online Arena INT"]
[Date "2024.02.07"]
[Round "1"]
[White "Divya, Deshmukh"]
[Black "Mora Velasco, Alma Jaqueline"]
[Result "1-0"]
[WhiteElo "2427"]
[BlackElo "1765"]
[PlyCount "63"]
[EventDate "2024.02.07"]
[EventType "swiss (blitz)"]
[EventRounds "11"]
[EventCountry "NET"]
[SourceTitle "CB07_2024"]
[SourceDate "2024.02.14"]
[SourceVersion "1"]
[SourceVersionDate "2024.02.14"]
[SourceQuality "1"]

1. e4 c5 2. Nf3 e6 3. d4 cxd4 4. Nxd4 a6 5. Bd3 Qc7 6. 0-0 d6 7. c4 Nf6 8. Nc3 Be7 9. Be3 0-0 10. f4 Nbd7 11. Qe2 b6 12. Rac1 Bb7 13. b4 Rac8 14. a3 Qb8 15. Nb3 d5 16. e5 Ne4 17. Bxe4 dxe4 18. Nd2 f5 19. exf6 Nxf6 20. Bxb6 Bc6 21. Bd4 Qb7 22. Bxf6 Bxf6 23. Ncxe4 Bd4+ 24. Kh1 e5 25. Nd6 Qc7 26. Nxc8 Qxc8 27. fxe5 Rxf1+ 28. Rxf1 h6 29. Nb3 Bb6 30. e6 Ba4 31. e7 Qe8 32. Rf8+ 1-0

[Event "Swiss Queens Wed #1"]
[Site "FIDE Online Arena INT"]
[Date "2024.01.31"]
[Round "3"]
[White "Mora Velasco, Alma Jaqueline"]
[Black "Ovezdurdiyeva, Jemal"]
[Result "1-0"]
[WhiteElo "1765"]
[BlackElo "2057"]
[PlyCount "75"]
[EventDate "2024.01.31"]
[EventType "swiss (blitz)"]
[EventRounds "11"]
[EventCountry "NET"]
[SourceTitle "CB06_2024"]
[SourceDate "2024.02.07"]
[SourceVersion "1"]
[SourceVersionDate "2024.02.07"]
[SourceQuality "1"]

1. d4 Nf6 2. Nc3 e6 3. Bf4 b6 4. e4 Bb4 5. e5 Nd5 6. Bd2 Nxc3 7. bxc3 Be7 8. Qg4 Bf8 9. Bd3 c5 10. Nf3 Bb7 11. 0-0 h5 12. Qf4 Be7 13. a4 Nc6 14. Rfe1 d6 15. Qg3 g6 16. h4 dxe5 17. dxe5 Qc7 18. Bf4 0-0-0 19. Nd2 Na5 20. Be4 Rd7 21. Bxb7+ Qxb7 22. Ne4 Nc4 23. Rad1 Rhd8 24. Rxd7 Qxd7 25. Ng5 Bxg5 26. Bxg5 Re8 27. Qf3 Qd5 28. Qxf7 Qc6 29. Qxg6 Qxa4 30. Qf7 Qd7 31. Qxh5 Rf8 32. Qe2 Na5 33. Qe4 Nc6 34. h5 Ne7 35. h6 Nf5 36. g4 Ne7 37. h7 Nc6 38. Bf6 1-0

[Event "MEX-ch (Women)"]
[Site "Mexico City"]
[Date "2023.11.11"]
[Round "7"]
[White "Mora Velasco, Alma Jaqueline"]
[Black "Salas Estrada, Ana Paola"]
[Result "1-0"]
[WhiteElo "1789"]
[BlackElo "1659"]
[PlyCount "117"]
[EventDate "2023.11.07"]
[EventType "swiss"]
[EventRounds "9"]
[EventCountry "MEX"]
[SourceTitle "CB47_2023"]
[SourceDate "2023.11.22"]
[SourceVersion "1"]
[SourceVersionDate "2023.11.22"]
[SourceQuality "1"]

1. e4 c5 2. Nf3 g6 3. d4 cxd4 4. c3 d3 5. Bxd3 d6 6. 0-0 Bg7 7. c4 Nc6 8. Nc3 Nf6 9. h3 0-0 10. Be3 Nd7 11. Rc1 Nc5 12. Bb1 b6 13. Qe2 Bb7 14. Rfd1 Qb8 15. b3 a5 16. Nd5 Re8 17. Nxb6 Ra6 18. Nd5 Nb4 19. Bd4 e5 20. Bc3 Bxd5 21. cxd5 Ra7 22. Nd2 Rc8 23. a3 Nxd5 24. exd5 Nxb3 25. Nxb3 Qxb3 26. Qb2 Rb8 27. Qxb3 Rxb3 28. Bd2 Ra8 29. a4 f5 30. Rc7 Rab8 31. Bc2 Rb2 32. Bd3 e4 33. Bb5 Be5 34. Bc3 Bxc3 35. Rxc3 f4 36. Rd4 Rb1+ 37. Kh2 Re1 38. Rcc4 e3 39. fxe3 f3 40. gxf3 Rxe3 41. Kg3 g5 42. Re4 Ra3 43. Re8+ Rxe8 44. Bxe8 Rd3 45. Bc6 Kf7 46. Re4 h5 47. Re6 Rd4 48. Rxd6 h4+ 49. Kf2 Rd2+ 50. Ke3 Rb2 51. Rd7+ Kf6 52. Rb7 Ra2 53. d6 Ke6 54. d7 Ra3+ 55. Kd4 Ra1 56. Kc5 Ke7 57. Kb6 Rc1 58. Kc7 Rd1 59. Rb8 1-0

[Event "Mexico City Latinoamericano op 1st"]
[Site "Mexico City"]
[Date "2021.11.05"]
[Round "2"]
[White "Martinez Hernandez, Alin"]
[Black "Mora Velasco, Alma Jaqueline"]
[Result "0-1"]
[WhiteElo "2051"]
[BlackElo "1788"]
[PlyCount "100"]
[EventDate "2021.11.04"]
[EventType "swiss"]
[EventRounds "9"]
[EventCountry "MEX"]
[SourceTitle "EXT 2023"]
[Source "ChessBase"]
[SourceDate "2022.10.05"]
[SourceVersion "1"]
[SourceVersionDate "2022.10.05"]
[SourceQuality "1"]

1. d4 Nf6 2. c4 e6 3. Nf3 d5 4. Nc3 Be7 5. cxd5 exd5 6. Bg5 0-0 7. e3 c6 8. Bd3 Be6 9. 0-0 Nbd7 10. Qc2 h6 11. Bf4 Rc8 12. Bf5 Bxf5 13. Qxf5 Re8 14. Ne5 Nxe5 15. dxe5 Qd7 16. Qd3 Nh5 17. Rad1 Qg4 18. Bg3 Nxg3 19. hxg3 Bc5 20. f4 Qxg3 21. Rf3 Qg4 22. Na4 Bf8 23. Qd4 b6 24. Kf2 Rcd8 25. Rg3 Qf5 26. Qd2 Rxe5 27. Rf3 Re6 28. b4 c5 29. bxc5 bxc5 30. Qa5 Rde8 31. Rd2 d4 32. Rxd4 g6 33. Rd2 a6 34. Re2 Qh5 35. Nc3 Bd6 36. Rh3 Qg4 37. Nd5 Qf5 38. Qd2 g5 39. Rf3 g4 40. Rg3 h5 41. e4 Rxe4 42. Rxe4 Rxe4 43. Rd3 Bxf4 44. Nxf4 Rxf4+ 45. Kg1 Rf1+ 46. Kh2 Qe5+ 47. g3 Re1 48. Rd8+ Kg7 49. Qd5 Re2+ 50. Kh1 Qa1+ 0-1

[Event "Villahermosa Mexican op (Women)"]
[Site "Villahermosa"]
[Date "2021.08.07"]
[Round "5"]
[White "Avila Fraire, Ameyalli"]
[Black "Mora Velasco, Alma Jaqueline"]
[Result "1-0"]
[WhiteElo "1976"]
[BlackElo "1778"]
[PlyCount "65"]
[EventDate "2021.08.05"]
[EventType "swiss"]
[EventRounds "9"]
[EventCountry "MEX"]
[SourceTitle "EXT 2022"]
[Source "ChessBase"]
[SourceDate "2021.10.06"]
[SourceVersion "1"]
[SourceVersionDate "2021.10.06"]
[SourceQuality "1"]

1. e4 c5 2. Nf3 e6 3. g3 d5 4. exd5 exd5 5. d4 Bd6 6. Bg2 Ne7 7. 0-0 0-0 8. Nc3 Nbc6 9. Be3 c4 10. h3 h6 11. Qd2 Be6 12. Ne2 Nf5 13. Bf4 Be7 14. h4 Bf6 15. c3 b5 16. Rfd1 a5 17. Ne5 Qb6 18. h5 Rfd8 19. g4 Nd6 20. Nxc6 Qxc6 21. g5 hxg5 22. Bxg5 Ne8 23. h6 g6 24. Bxf6 Nxf6 25. Qg5 Bf5 26. Ng3 Nh7 27. Nxf5 Qd7 28. Ne7+ Kf8 29. Qe5 f6 30. Nxg6+ Kf7 31. Qh5 Kg8 32. Re1 Re8 33. Bxd5+ 1-0